000 00536nam a2200181Ia 4500
005 20250326124328.0
008 250326s9999 xx 000 0 und d
037 _aTextbook
040 _aFMSL
_beng
_cFMSL
041 _aeng
_2eng
084 _aX:54.44 L3
_qFMSL
100 _aKeshkamat V V
_9241691
245 0 _aFice of foreign trade foreign exchange and exchange control in India
_cKeshkamat V V
260 _aBombay
_bBombay, Vivek
_c1973
300 _a188p
942 _cTB
_hX:54.44 L3
999 _c1273293
_d1273293